DDECS 2000 : 3rd International Workshop: Design and diagnostics of electronic circuits and systems; Proceedings; Smolenice castle, Slovakia. 5.- 7. Apr. 2000
Gespeichert in:
| Weitere Verfasser: | , , , |
|---|---|
| Format: | Buch |
| Sprache: | Englisch |
| Veröffentlicht: |
Bratislava :
Ústav informatiky SAV,
2000
|
| Schlagworte: | |
| Tags: |
Keine Tags, Fügen Sie das erste Tag hinzu!
|
MARC
| LEADER | 00000nam a22000003a 4500 | ||
|---|---|---|---|
| 001 | stu53362 | ||
| 005 | 20160419145823.5 | ||
| 008 | 000428s2000----xo------------------eng-d | ||
| 020 | |a 80-968320-3-4 | ||
| 040 | |a STU |b slo | ||
| 041 | 0 | |a eng | |
| 044 | |a xo | ||
| 080 | |a 681.326.7 |7 stu_us_auth*stu8279 | ||
| 080 | |a 681.518.5 | ||
| 080 | |a 519.686 |7 stu_us_auth*stu8280 | ||
| 080 | |a 061.3(08) | ||
| 084 | |a C5470 |2 INS | ||
| 084 | |a C6110 |2 INS | ||
| 084 | |a C6150G |2 INS | ||
| 100 | 1 | |a Gramatová, Elena, |d 1948- |4 edt |u I100 |U FIIT Fakulta informatiky a informačných technológií |T FIIT Ústav počítačových systémov a sietí |X 4228 |U I100 |Y 178 |7 4228 | |
| 245 | 1 | |a DDECS 2000 : |b 3rd International Workshop: Design and diagnostics of electronic circuits and systems; Proceedings; Smolenice castle, Slovakia. 5.- 7. Apr. 2000 | |
| 260 | |a Bratislava : |b Ústav informatiky SAV, |c 2000 | ||
| 300 | |a 268 s | ||
| 650 | 7 | |a počítačové systémy |2 stusub | |
| 650 | 7 | |a elektronické obvody |2 stusub | |
| 650 | 7 | |a technická diagnostika |2 stusub | |
| 650 | 7 | |a odolnosť proti poruchám |2 stusub | |
| 650 | 7 | |a FTC |2 stusub | |
| 650 | 7 | |a testovanie obvodov |2 stusub | |
| 650 | 7 | |a navrhovanie obvodov |2 stusub | |
| 700 | 1 | |a Fischerová, Mária |4 edt | |
| 700 | 1 | |a Manhaeve, Hans |4 edt | |
| 700 | 1 | |a Pawlak, Adam |4 edt | |
| 996 | |c I*Z7932 |l I |s A |a 24 |w stu53362_0001 | ||
| 996 | |c I*Z7931 |l I |s A |a 24 |w stu53362_0002 | ||
| 996 | |c I*Z7930 |l I |s A |a 24 |w stu53362_0003 | ||